UBT Library

A JOURNAL OF HUMANITIES AND THE CLASSIC (Record no. 59279)

000 -LEADER
fixed length control field 00335nam a22001457a 4500
008 - FIXED-LENGTH DATA ELEMENTS--GENERAL INFORMATION
fixed length control field 230125b ||||| |||| 00| 0 eng d
020 ## - INTERNATIONAL STANDARD BOOK NUMBER
International Standard Book Number 0140443339
041 ## - LANGUAGE CODE
Language code of text/sound track or separate title eng
080 ## - UNIVERSAL DECIMAL CLASSIFICATION NUMBER
Edition identifier THIRD EDITION
Universal Decimal Classification number 7
082 ## - DEWEY DECIMAL CLASSIFICATION NUMBER
Classification number 7ARI
100 ## - Rafti
Rafti 19
101 ## - Shkurtesa
Shkurtesa ART
245 ## - TITLE STATEMENT
Title A JOURNAL OF HUMANITIES AND THE CLASSIC
Statement of responsibility, etc ARION
942 ## - ADDED ENTRY ELEMENTS (KOHA)
Source of classification or shelving scheme
Item type Books
Holdings
Withdrawn status Lost status Source of classification or shelving scheme Damaged status Not for loan Collection code Permanent location Current location Date acquired Total Checkouts Full call number Barcode Date last seen Price effective from Koha item type
          Koleksioni i përgjithshem UBT - Lipjan UBT - Lipjan 01/25/2023   7ARI 003-72 01/25/2023 01/25/2023 Books
          Koleksioni i përgjithshem UBT - Lipjan UBT - Lipjan 01/25/2023   7ARI 003-73 01/25/2023 01/25/2023 Books
          Koleksioni i përgjithshem UBT - Lipjan UBT - Lipjan 01/25/2023   7ARI 003-74 01/25/2023 01/25/2023 Books
          Koleksioni i përgjithshem UBT - Lipjan UBT - Lipjan 01/25/2023   7ARI 003-75 01/25/2023 01/25/2023 Books
          Koleksioni i përgjithshem UBT - Lipjan UBT - Lipjan 01/25/2023   7ARI 003-76 01/25/2023 01/25/2023 Books
          Koleksioni i përgjithshem UBT - Lipjan UBT - Lipjan 01/25/2023   7ARI 003-77 01/25/2023 01/25/2023 Books
          Koleksioni i përgjithshem UBT - Lipjan UBT - Lipjan 01/25/2023   7ARI 003-78 01/25/2023 01/25/2023 Books
          Koleksioni i përgjithshem UBT - Lipjan UBT - Lipjan 01/25/2023   7ARI 003-79 01/25/2023 01/25/2023 Books
          Koleksioni i përgjithshem UBT - Lipjan UBT - Lipjan 01/25/2023   7ARI 003-80 01/25/2023 01/25/2023 Books
          Koleksioni i përgjithshem UBT - Lipjan UBT - Lipjan 01/25/2023   7ARI 003-81 01/25/2023 01/25/2023 Books
          Koleksioni i përgjithshem UBT - Lipjan UBT - Lipjan 01/25/2023   7ARI 003-82 01/25/2023 01/25/2023 Books
          Koleksioni i përgjithshem UBT - Lipjan UBT - Lipjan 01/25/2023   7ARI 003-83 01/25/2023 01/25/2023 Books
          Koleksioni i përgjithshem UBT - Lipjan UBT - Lipjan 01/25/2023   7ARI 003-84 01/25/2023 01/25/2023 Books
          Koleksioni i përgjithshem UBT - Lipjan UBT - Lipjan 01/25/2023   7ARI 003-85 01/25/2023 01/25/2023 Books
          Koleksioni i përgjithshem UBT - Lipjan UBT - Lipjan 01/25/2023   7ARI 003-86 01/25/2023 01/25/2023 Books
          Koleksioni i përgjithshem UBT - Lipjan UBT - Lipjan 01/25/2023   7ARI 003-87 01/25/2023 01/25/2023 Books
          Koleksioni i përgjithshem UBT - Lipjan UBT - Lipjan 01/25/2023   7ARI 003-88 01/25/2023 01/25/2023 Books
          Koleksioni i përgjithshem UBT - Lipjan UBT - Lipjan 01/25/2023   7ARI 003-89 01/25/2023 01/25/2023 Books
          Koleksioni i përgjithshem UBT - Lipjan UBT - Lipjan 01/25/2023   7ARI 003-90 01/25/2023 01/25/2023 Books
          Koleksioni i përgjithshem UBT - Lipjan UBT - Lipjan 01/25/2023   7ARI 003-91 01/25/2023 01/25/2023 Books
          Koleksioni i përgjithshem UBT - Lipjan UBT - Lipjan 01/25/2023   7ARI 003-92 01/25/2023 01/25/2023 Books
          Koleksioni i përgjithshem UBT - Lipjan UBT - Lipjan 01/25/2023   7ARI 003-93 01/25/2023 01/25/2023 Books
          Koleksioni i përgjithshem UBT - Lipjan UBT - Lipjan 01/25/2023   7ARI 003-94 01/25/2023 01/25/2023 Books
          Koleksioni i përgjithshem UBT - Lipjan UBT - Lipjan 01/25/2023   7ARI 003-95 01/25/2023 01/25/2023 Books
UBT Library © 2015-2024. All rights reserved University Education for Business and Technology